banner-ar

حارات القاهرة / (Record no. 67703)

MARC details
000 -الفاتح
حقل البيانات ثابتة الطول 00813nam a2200229Ia 4500
005 - وقت وتاريخ اخر تعامل مع التسجيلة
رقم الضبط 20250622124038.0
008 - عناصر البيانات ثابتة الطول - معلومات عامة
حقل البيانات ثابتة الطول 250617s9999||||xx |||||||||||||| ||ara||
017 ## - رقم الايداع القانونى
رقم الايداع القانونى 2023/21466
المصدر ( الهيئة المختصة) مصر. دار الكتب
020 ## - الرقم الدولى المعيارى للكتب
الرقم الدولى المعيارى للكتاب 9789778128864
082 04 - رقم تصنيف ديوى العشرى
رقم التصنيف "711,41"
رقم المادة ج ح
100 0# - المدخل الرئيسى - إسم شخصى
الإسم الشخصى جمال الدين محمود حجازى
245 10 - بيان العنوان
العنوان حارات القاهرة /
بيان المسئوليه,etc إعداد جمال الدين محمود حجازى
250 ## - بيان الطبعة
بيان الطبعة ط1
260 3# - PUBLICATION, DISTRIBUTION, ETC. (IMPRINT)
تاريخ النشر أو التوزيع 2024.
300 ## - الوصف المادى
التعداد 200ص :
تفاصيل ماديه اخرى للوعاء صور ؛
أبعاد الوعاء 29سم.
650 ## - المدخل الاضافى بالموضوع-مصطلح موضوعى
مصطلح موضوعي تخطيط المدن
651 ## - المدخل الاضافى بالموضوع - اسم جغرافى
الاسم الجغرافي القاهرة
التقسيم الفرعي العام أحياء وضواحى
651 ## - المدخل الاضافى بالموضوع - اسم جغرافى
الاسم الجغرافي القاهرة
التقسيم الفرعي العام الخرائط
651 ## - المدخل الاضافى بالموضوع - اسم جغرافى
الاسم الجغرافي القاهرة
التقسيم الفرعي العام الشوارع
942 ## - عناصر المدخل الإضافي( كوها)
Koha [default] item type كتاب
260 3# - PUBLICATION, DISTRIBUTION, ETC. (IMPRINT)
-- القاهرة :
-- "المكتب العربى للمعارف،"
Holdings
حالة التراجع حالة الفقد حالة تلف ليس للاعارة المكان المؤقت الموقع الحالى موقع الترفيف تاريخ الاكتساب اجمالي اﻻعارات تاريخ اخر مشاهدة تاريخ تفعيل السعر نوع وعاء كوها
        مكتبة القاهرة الكبرى مكتبة القاهرة الكبرى قاعة القاهرة_ك عربى 06/22/2025   06/22/2025 06/22/2025 كتاب

Powered By

EGPV